000 01271cam a2200313Ia 4500
001 CRC00E65815PDF
003 BD-DhSAU
005 20151012144300.0
006 m|||||o||d||||||||
007 cr||||
008 110310s2010 fluad sb 001 0 eng d
020 _a9781420065824 (ebook : PDF)
040 _aBD-DhSAU
_cBD-DhSAU
090 _aTD193
_b.P38 2010
092 _a628.5
_bP311
100 1 _aPatnaik, Pradyot.
245 1 0 _aHandbook of environmental analysis
_h[electronic resource] :
_bchemical pollutants in air, water, soil, and solid wastes /
_cPradyot Patnaik.
250 _a2nd ed.
260 _aBoca Raton :
_bTaylor & Francis,
_c2010.
300 _axxxviii, 786 p. :
_bill.
504 _aIncludes bibliographical references and index.
505 0 _apt. 1. Analytical techniques -- pt. 2. Specific classes of substances and aggregate properties -- pt. 3. Selected individual compounds.
530 _aAlso available in print edition.
538 _aMode of access: World Wide Web.
650 0 _aPollutants
_xAnalysis.
655 7 _aElectronic books.
_2lcsh
776 1 _z9781420065817
856 4 0 _uhttp://marc.crcnetbase.com/isbn/9781420065824
_qapplication/PDF
999 _c11180
_d11179